Sanat: "Inarinjärvi" - Zacharias Topelius - Statistics

Yleistilastot
  • Tätä visaa on pelattu 10 kertaa
  • Keskiarvotulos 63 / 110
Vastaustilastot
Vastaus % Oikein
ja
100%
järvi
100%
on.
100%
on
100%
on,
100%
Etäällä
89%
kun
89%
Lappiin
89%
mailla
89%
pohja
89%
Sen
89%
sen
89%
ei
78%
hylätty
78%
hylätty,
78%
jää,
78%
jälleen
78%
kesä
78%
kiirehtää,
78%
mutt'
78%
"niin
78%
nimeä
78%
pohjan
78%
78%
sulaa
78%
vailla
78%
aallot
67%
Hein'ajalla
67%
kerran
67%
kuin
67%
Lapin
67%
pitkäkin."
67%
saaret
67%
syvä
67%
syyskuun
67%
taas
67%
tahtoi
67%
67%
alaston.
56%
jäähdyttää.
56%
katkes,
56%
Köys'
56%
kuultihin:
56%
laulu
56%
mahtoi
56%
olla
56%
ranta
56%
tuo
56%
auringon.
44%
Inarin.
44%
koommin
44%
sääskiparvet
44%
taajat
44%
arvoton,
33%
halpa,
33%
illoin
33%
kalaa
33%
kalvoon
33%
käy
33%
Kuvastuu
33%
lappalainen
33%
lymys'
33%
olet
33%
peuralauma
33%
pimentää
33%
pyytämään.
33%
rannall'
33%
Siel'
33%
siell'
33%
silloin
33%
sinervään,
33%
sorsa
33%
suruton
33%
toista
33%
uipi
33%
vuoret
33%
vuoriston
33%
kesäs
22%
köyhämaineinen
22%
lyhyet
22%
maailmassa
22%
Mies
22%
mittaamatta
22%
Oi,
22%
oo
22%
pitkät
22%
Pohjolassa,
22%
poloinen,
22%
sun
22%
talves
22%
maan;
11%
tulla
11%
tuntemaan
11%
Turjan
11%
lastas,
0%
Ehtoja vastaavia visoja ei löytynyt
Tulosjakauma
Jokaisen tuloksen saaneiden osuus
Persentiili vastausten määrän mukaan
Tuloshistoriasi
Et ole pelannut tätä visaa